West Bengal district gazetteers. (Record no. 77862)

MARC details
000 -LEADER
fixed length control field 00970cam a22002531 4500
001 - CONTROL NUMBER
control field sa 68001298
003 - CONTROL NUMBER IDENTIFIER
control field DLC
005 - DATE AND TIME OF LATEST TRANSACTION
control field 20260227112432.0
008 - FIXED-LENGTH DATA ELEMENTS--GENERAL INFORMATION
fixed length control field 710903m19659999ii ab b 00010 eng
010 ## - LIBRARY OF CONGRESS CONTROL NUMBER
LC control number sa 68001298 //r853
025 ## - OVERSEAS ACQUISITION NUMBER
Overseas acquisition number PL480:I-E-6042
040 ## - CATALOGING SOURCE
Original cataloging agency DLC
Transcribing agency DLC
Modifying agency DLC
043 ## - GEOGRAPHIC AREA CODE
Geographic area code a-ii---
050 00 - LIBRARY OF CONGRESS CALL NUMBER
Classification number DS485.B493
Item number A45
110 10 - MAIN ENTRY--CORPORATE NAME
Corporate name or jurisdiction name as entry element West Bengal (India)
245 10 - TITLE STATEMENT
Title West Bengal district gazetteers.
260 0# - PUBLICATION, DISTRIBUTION, ETC.
Place of publication, distribution, etc. Calcutta,
Name of publisher, distributor, etc. State editor, West Bengal District Gazetteers,
Date of publication, distribution, etc. 1965-<1994 >
300 ## - PHYSICAL DESCRIPTION
Extent v. <1-14 > :
Other physical details ill., maps. ;
Dimensions 25 cm.
440 #0 - SERIES STATEMENT/ADDED ENTRY--TITLE
Title Gazetteer of India
504 ## - BIBLIOGRAPHY, ETC. NOTE
Bibliography, etc. note Includes bibliographies.
505 1# - FORMATTED CONTENTS NOTE
Formatted contents note [1] West Dinajpur -- [2] Bānkurā -- [3] Māldā -- [4] Hooghly -- [5] Howrāh -- [6] Bīrbhūm -- Koch Bihār -- [8] Nadiā -- [9] Murshidabad -- [10] Darjiling -- [11] Jalpāiguri -- [12] Puruliya -- [13] 24-Parganas --[14] Barddhamān
651 #0 - SUBJECT ADDED ENTRY--GEOGRAPHIC NAME
Geographic name West Bengal (India)
700 10 - ADDED ENTRY--PERSONAL NAME
Personal name Sengupta, Jatindra Chandra.

No items available.

Powered by Koha